| 000 | 00777nam a2200205 a 4500 | ||
|---|---|---|---|
| 001 | 1546 | ||
| 003 | BR-CuiBMT | ||
| 005 | 20231214225557.0 | ||
| 008 | 231214b2010 dfb 000 0 por d | ||
| 040 |
_aBR-CuiBMT _cBR-CuiBMT |
||
| 080 |
_22007 _a821.134.3 _x(81)-34-056.262 |
||
| 090 |
_dBraile _a821.134.3(81)-34-056.262 _bA994p |
||
| 100 | 1 |
_aAzevedo, Arthur _d1855-1908 |
|
| 245 | 1 | 3 |
_aUm passeio de bonde ; A nuvem ; O fantasma branco ; Nhô nhô ; Não sei / _cArthur Azevedo. _h[braile]. |
| 260 |
_aBrasília : _bSEEP ; _c[2010?] |
||
| 300 |
_a[33 p.] ; _c28 cm |
||
| 500 | _aTranscrito em volume único para o sistema Braile pela Secretaria Especial de Editoração e Publicações do Senado Federal. | ||
| 650 |
_aLiteratura Brasileira _vBraile _xContos |
||
| 942 |
_2udc _cLV |
||
| 999 |
_c1546 _d1546 |
||